[Event "XVI Festival A"]
[Site "Campobasso ITA"]
[Date "2009.07.24"]
[Round "1"]
[White "Locci, Damiano"]
[Black "Radice, Mario"]
[Result "1/2-1/2"]
[WhiteElo "2119"]
[BlackElo "1930"]
[PlyCount "110"]
[EventDate "2009.07.24"]

1. c4 Nf6 2. Nc3 d5 3. cxd5 Nxd5 4. e4 Nxc3 5. bxc3 g6 6. Bc4 Bg7 7. Ne2 O-O 8.
d4 c5 9. O-O Nc6 10. dxc5 Ne5 11. Bd5 Qc7 12. Ba3 Rd8 13. Qc2 Bd7 14. f3 Bb5
15. f4 Nc4 16. Bxc4 Bxc4 17. Rf3 e5 18. Re1 Rd7 19. f5 Rad8 20. Bc1 Qxc5+ 21.
Be3 Qc6 22. Ng3 Bd3 23. Qc1 Bxe4 24. Nxe4 Qxe4 25. f6 Bf8 26. Bd4 Qh4 27. Rxe5
Rxd4 28. cxd4 Bd6 29. Rf4 Qh6 30. Qe3 Bxe5 31. Qxe5 Qh5 32. Qxh5 gxh5 33. Kf2
Rd6 34. Ke3 Ra6 35. d5 Kf8 36. Rf2 Ke8 37. Ke4 Kd7 38. Ke5 Ra3 39. Rb2 b6 40.
Re2 Rd3 41. h3 b5 42. g4 Rxh3 43. Kf4 hxg4 44. Re7+ Kd8 45. Rxf7 Ke8 46. Rg7
Rf3+ 47. Ke5 g3 48. d6 h5 49. d7+ Kd8 50. f7 g2 51. Kd6 Rd3+ 52. Ke6 Re3+ 53.
Kd6 Rd3+ 54. Ke5 Rf3 55. Ke6 Re3+ 1/2-1/2

[Event "XVI Festival A"]
[Site "Campobasso ITA"]
[Date "2009.07.24"]
[Round "1"]
[White "Maggi, Fabrizio"]
[Black "Mazza, Daniele"]
[Result "1-0"]
[WhiteElo "2074"]
[BlackElo "1838"]
[PlyCount "63"]
[EventDate "2009.07.24"]

1. c4 e5 2. Nc3 Nc6 3. e3 d6 4. d4 g6 5. Nf3 Bg7 6. Be2 Nf6 7. O-O O-O 8. h3
Re8 9. d5 Ne7 10. e4 Nh5 11. Re1 Rf8 12. Be3 Nf4 13. Bf1 f5 14. Bxf4 exf4 15.
e5 dxe5 16. Nxe5 Re8 17. Nd3 c6 18. Nxf4 cxd5 19. cxd5 Qd6 20. Qf3 Rd8 21. Nb5
Qf6 22. d6 Nc6 23. Bc4+ Kh8 24. Nd5 Qxb2 25. Rab1 Qd2 26. Re2 Qg5 27. Nbc7 Ne5
28. Rxe5 Bxe5 29. Nxa8 Rxd6 30. Re1 Re6 31. Ne3 Rc6 32. Qd5 1-0

[Event "XVI Festival A"]
[Site "Campobasso ITA"]
[Date "2009.07.24"]
[Round "1"]
[White "Maggi, Luigi"]
[Black "Basaric, Srdjan"]
[Result "0-1"]
[WhiteElo "1909"]
[BlackElo "2118"]
[PlyCount "62"]
[EventDate "2009.07.24"]

1. c4 Nf6 2. Nc3 d6 3. d4 Nbd7 4. e4 e5 5. Nf3 Be7 6. Be2 O-O 7. O-O c6 8. Re1
Qc7 9. Bf1 a6 10. a4 a5 11. Qc2 Re8 12. h3 Bf8 13. d5 Nc5 14. Be3 Na6 15. Rad1
Nd7 16. Nh2 Nb4 17. Qd2 Nc5 18. Bxc5 dxc5 19. b3 Rd8 20. Be2 Bd7 21. Bg4 Be8
22. Nf1 g6 23. Na2 h5 24. Be2 Qb6 25. Rc1 cxd5 26. cxd5 Nc6 27. Bb5 Nd4 28.
Bxe8 Rxe8 29. Rb1 Qf6 30. Ne3 Qg5 31. Nc4 Nf3+ 0-1

[Event "XVI Festival A"]
[Site "Campobasso ITA"]
[Date "2009.07.24"]
[Round "1"]
[White "Mazzarella, Antonio"]
[Black "Rizzo, Giacomo"]
[Result "0-1"]
[WhiteElo "2048"]
[BlackElo "1720"]
[PlyCount "88"]
[EventDate "2009.07.24"]

1. d4 Nf6 2. Nf3 e6 3. Nbd2 d5 4. e3 Be7 5. Bd3 O-O 6. O-O b6 7. Qe2 c5 8. c3
Bb7 9. Ne5 Ne4 10. f3 Nxd2 11. Bxd2 f5 12. f4 Nd7 13. a3 Nxe5 14. fxe5 c4 15.
Bc2 g5 16. g4 fxg4 17. Rxf8+ Qxf8 18. Qxg4 Qh6 19. Rf1 Rf8 20. Rxf8+ Bxf8 21.
e4 Qg6 22. Qxg5 Qxg5+ 23. Bxg5 dxe4 24. Kf2 Kg7 25. Ke3 Kg6 26. Bf4 Kf5 27. Bd1
Bd5 28. Ba4 a6 29. Be8 b5 30. Bf7 a5 31. h4 b4 32. a4 bxc3 33. bxc3 Ba3 34. Bg3
Bc1+ 35. Ke2 Kg4 36. Bf2 Kf4 37. Bg1 e3 38. Bh2+ Kg4 39. Kd1 Bd2 40. Bg1 Kf3
41. Bg8 Bxc3 42. Bxe3 Kxe3 43. Bxh7 Bf3+ 44. Kc2 Bxd4 0-1

[Event "XVI Festival A"]
[Site "Campobasso ITA"]
[Date "2009.07.24"]
[Round "1"]
[White "Messina, Enrico"]
[Black "Sellitti, Luca"]
[Result "0-1"]
[WhiteElo "2110"]
[BlackElo "1908"]
[PlyCount "100"]
[EventDate "2009.07.24"]

1. e4 c5 2. Nf3 Nc6 3. d4 cxd4 4. Nxd4 g6 5. c4 Nf6 6. Nc3 Nxd4 7. Qxd4 d6 8.
Be2 Bg7 9. Bg5 O-O 10. Qd2 a5 11. a4 Be6 12. O-O Rc8 13. b3 Nd7 14. Bh6 Bxh6
15. Qxh6 Qb6 16. Rab1 Qd4 17. Nb5 Qf6 18. Qe3 Nc5 19. f4 Bd7 20. Nc3 Bc6 21. e5
Qe6 22. Bf3 Nd7 23. Bd5 Bxd5 24. Nxd5 dxe5 25. f5 Qd6 26. Rbd1 Kh8 27. Qh3 Qc5+
28. Kh1 Nf6 29. fxg6 fxg6 30. Qe6 Nxd5 31. Rxf8+ Rxf8 32. Qxe5+ Kg8 33. cxd5
Qd6 34. Qe1 b6 35. h3 Rf5 36. Qe4 Re5 37. Qf3 Qc5 38. Qg4 Kg7 39. Qd7 Qd6 40.
Qc6 Qxc6 41. dxc6 Rc5 42. Rd7 Kf7 43. c7 Ke6 44. Rd3 Rxc7 45. Kh2 Ke5 46. Kg3
Ke4 47. Rf3 e5 48. Kg4 Kd4 49. Rf6 Rb7 50. Rc6 e4 0-1

[Event "XVI Festival A"]
[Site "Campobasso ITA"]
[Date "2009.07.24"]
[Round "1"]
[White "Parrini, Daniele"]
[Black "Chicco, Giancarlo"]
[Result "1-0"]
[WhiteElo "2036"]
[BlackElo "1493"]
[PlyCount "115"]
[EventDate "2009.07.24"]

1. e4 b6 2. d4 Bb7 3. Bd3 g6 4. f4 Bg7 5. Nf3 e6 6. O-O Ne7 7. c3 d6 8. Qe1 O-O
9. Qh4 Nd7 10. f5 exf5 11. Bh6 fxe4 12. Ng5 Nf6 13. Bxg7 Kxg7 14. Rxf6 exd3 15.
Rxf7+ Rxf7 16. Ne6+ Kg8 17. Nxd8 Rxd8 18. Nd2 Rdf8 19. Qg3 Nf5 20. Qxd3 Nh4 21.
d5 Bc8 22. Qc4 Nxg2 23. Kxg2 Rf2+ 24. Kg3 Rxd2 25. Re1 Rdf2 26. Re3 Rf1 27. h4
Rg1+ 28. Kh2 Rg4 29. Re4 Rf2+ 30. Kh1 Rxe4 31. Qxe4 Bf5 32. Qe8+ Kg7 33. Qe7+
Kg8 34. Qd8+ Kg7 35. Qxc7+ Kh6 36. Qxd6 Rxb2 37. Qe7 Rxa2 38. d6 Rc2 39. d7
Bxd7 40. Qxd7 a5 41. Qd1 Ra2 42. Qc1+ Kg7 43. Qb1 Ra4 44. Qe1 b5 45. h5 gxh5
46. Qe7+ Kg6 47. Qd6+ Kg7 48. Qe5+ Kg6 49. Qxb5 Rh4+ 50. Kg2 a4 51. Qe8+ Kh6
52. Qe6+ Kg5 53. Qg8+ Kh6 54. Qe6+ Kg5 55. Qe7+ Kg4 56. Qe5 a3 57. Qg3+ Kf5 58.
Qxh4 1-0

[Event "XVI Festival A"]
[Site "Campobasso ITA"]
[Date "2009.07.24"]
[Round "1"]
[White "Petruccioli, Antonio"]
[Black "Laudisa, Antonio"]
[Result "1-0"]
[WhiteElo "2098"]
[BlackElo "1873"]
[PlyCount "51"]
[EventDate "2009.07.24"]

1. e4 c5 2. Nf3 Nc6 3. Bb5 g6 4. O-O Bg7 5. c3 d6 6. Re1 Bg4 7. h3 Bxf3 8. Qxf3
Qb6 9. Na3 e6 10. Nc4 Qc7 11. Qg3 O-O-O 12. Bxc6 bxc6 13. d3 Ne7 14. Be3 f5 15.
e5 dxe5 16. Bxc5 f4 17. Qf3 Nf5 18. d4 exd4 19. Rxe6 Rd5 20. Bxa7 Kb7 21. Bb6
Qd7 22. Qe4 dxc3 23. bxc3 Rd1+ 24. Rxd1 Qxd1+ 25. Kh2 Qd7 26. Na5+ 1-0

[Event "XVI Festival A"]
[Site "Campobasso ITA"]
[Date "2009.07.24"]
[Round "1"]
[White "Safranska, Anda"]
[Black "Colucci, Stefano"]
[Result "1-0"]
[WhiteElo "2310"]
[BlackElo "1994"]
[PlyCount "73"]
[EventDate "2009.07.24"]

1. Nf3 e6 2. g3 d5 3. Bg2 Nf6 4. O-O Be7 5. d3 c5 6. Nbd2 Nc6 7. e4 b5 8. Re1
Bb7 9. a3 Qc7 10. exd5 exd5 11. d4 O-O 12. dxc5 Bxc5 13. Nb3 Bb6 14. Bf4 Qd7
15. Nbd4 Nxd4 16. Nxd4 Rac8 17. c3 Rfe8 18. Qd3 a6 19. Rad1 Rxe1+ 20. Rxe1 Re8
21. Rd1 Qe7 22. Bf3 Ne4 23. Be3 Qf6 24. Bg2 h5 25. h4 Bc8 26. Re1 Bb7 27. Qc2
Bc7 28. Nf3 Rc8 29. Bd4 Qf5 30. Re2 a5 31. Ng5 Re8 32. f3 Bxg3 33. fxe4 dxe4
34. Nxe4 Qg4 35. Nf6+ gxf6 36. Rxe8+ Kg7 37. Bxb7 1-0

[Event "XVI Festival A"]
[Site "Campobasso ITA"]
[Date "2009.07.24"]
[Round "1"]
[White "Sannino, Raffaele"]
[Black "Lazarev, Vladimir"]
[Result "0-1"]
[WhiteElo "2015"]
[BlackElo "2462"]
[PlyCount "64"]
[EventDate "2009.07.24"]

1. e4 c5 2. d3 Nc6 3. g3 g6 4. Bg2 Bg7 5. c3 d6 6. Nf3 e5 7. Na3 Nge7 8. O-O
O-O 9. Be3 b6 10. Qd2 d5 11. Rfd1 Re8 12. Bh6 Bh8 13. Qe1 Rb8 14. Qf1 Ba6 15.
Qe1 Qd7 16. Nc2 Rbd8 17. Bf1 Bb7 18. Qe2 f5 19. Bh3 Ba6 20. exf5 Nxf5 21. Qd2
Qf7 22. Bg5 Rd6 23. Nfe1 Bg7 24. f3 h6 25. Bxf5 gxf5 26. Bh4 Qh5 27. Qf2 d4 28.
c4 e4 29. b3 Ne5 30. f4 Ng6 31. Na3 Nxh4 32. gxh4 Rg6+ 0-1

[Event "XVI Festival A"]
[Site "Campobasso ITA"]
[Date "2009.07.24"]
[Round "1"]
[White "Tacchi, Fabio"]
[Black "Procacci, Sergio"]
[Result "0-1"]
[WhiteElo "1832"]
[BlackElo "2073"]
[PlyCount "150"]
[EventDate "2009.07.24"]

1. d4 Nf6 2. c4 g6 3. Nc3 d5 4. cxd5 Nxd5 5. e4 Nxc3 6. bxc3 Bg7 7. Bc4 c5 8.
Ne2 Nc6 9. Be3 O-O 10. O-O Bg4 11. f3 Na5 12. Bxf7+ Rxf7 13. fxg4 Rxf1+ 14.
Kxf1 Nc4 15. Qb3 b5 16. Kg1 Kh8 17. Bf2 Qd7 18. h3 Rf8 19. Rd1 Qe6 20. Ng3 Qf6
21. Qc2 Qf4 22. Qe2 cxd4 23. cxd4 Bh6 24. Rd3 Qc1+ 25. Rd1 Qf4 26. Rd3 Qc1+ 27.
Nf1 Nd2 28. Rxd2 Bxd2 29. Qxd2 Qxd2 30. Nxd2 Rc8 31. Kf1 Rc2 32. Ke2 Rxa2 33.
Kd3 a5 34. d5 Kg8 35. Bd4 Ra3+ 36. Ke2 Rg3 37. Bf2 Rc3 38. Bd4 Rc8 39. Kd3 b4
40. Nc4 a4 41. Nb6 Rb8 42. Nxa4 Ra8 43. Nb2 Ra3+ 44. Ke2 Rg3 45. Kf2 Rb3 46. h4
Kf7 47. e5 Ke8 48. e6 Ra3 49. Bb6 Ra2 50. Bd4 Ra5 51. Ke3 Rxd5 52. Ke4 Rb5 53.
Kd3 Rd5 54. Nc4 b3 55. Kc3 b2 56. Nxb2 Rd6 57. Nd3 Rxe6 58. Ne5 Ra6 59. Kd3 Ra2
60. h5 gxh5 61. gxh5 Rxg2 62. h6 e6 63. Ke4 Ke7 64. Kf4 Kd6 65. Ng4 Ra2 66.
Be5+ Ke7 67. Nf6 Rf2+ 68. Kg5 Rf5+ 69. Kg4 Rxf6 70. Bf4 Rf5 71. Bd2 Kf6 72. Bc1
Rf1 73. Bb2+ Kg6 74. Bg7 Rf5 75. Kg3 e5 0-1

[Event "XVI Festival A"]
[Site "Campobasso ITA"]
[Date "2009.07.24"]
[Round "1"]
[White "Vuelban, Virgilio"]
[Black "Piccoli, Vincenzo"]
[Result "1-0"]
[WhiteElo "2404"]
[BlackElo "2007"]
[PlyCount "57"]
[EventDate "2009.07.24"]

1. d4 Nf6 2. Nf3 b6 3. e3 Bb7 4. Bd3 e6 5. O-O Be7 6. Nbd2 O-O 7. Qe2 c5 8. c3
d6 9. e4 Nbd7 10. Re1 Rc8 11. e5 Nd5 12. Ne4 Qc7 13. exd6 Bxd6 14. Nxd6 Qxd6
15. Qe4 N7f6 16. Qh4 cxd4 17. Nxd4 Ne7 18. Bg5 Ned5 19. Re3 Rfe8 20. Bxh7+ Kf8
21. Rg3 Ke7 22. Re1 Kd7 23. Bxf6 gxf6 24. Rg7 Re7 25. Bc2 Qc5 26. Bb3 Rd8 27.
Ba4+ Kc8 28. Rg4 Kb8 29. Nb5 1-0

[Event "XVI Festival A"]
[Site "Campobasso ITA"]
[Date "2009.07.24"]
[Round "2"]
[White "Basaric, Srdjan"]
[Black "Laketic, Gojko"]
[Result "0-1"]
[WhiteElo "2118"]
[BlackElo "2463"]
[PlyCount "57"]
[EventDate "2009.07.24"]

1. e4 Nf6 2. d3 d5 3. Nd2 e5 4. Ngf3 Nc6 5. Be2 g6 6. O-O Bg7 7. b3 O-O 8. Bb2
Re8 9. Re1 a5 10. a3 d4 11. Bf1 Nd7 12. c3 dxc3 13. Bxc3 Nc5 14. Qc2 Ne6 15.
Rac1 Re7 16. Nc4 Ned4 17. Nxd4 Nxd4 18. Qb2 a4 19. Bxd4 exd4 20. b4 Bd7 21. Be2
Bb5 22. Bf3 Ra6 23. g3 h5 24. h4 Rd7 25. Bg2 g5 26. hxg5 Qxg5 27. Bh3 Re7 28.
Bf5 Rh6 29. Qe2 0-1

[Event "XVI Festival A"]
[Site "Campobasso ITA"]
[Date "2009.07.24"]
[Round "2"]
[White "Castrogiovanni, Carlo"]
[Black "Fagnani, Alessandro"]
[Result "1-0"]
[WhiteElo "2020"]
[BlackElo "1852"]
[PlyCount "69"]
[EventDate "2009.07.24"]

1. d4 d5 2. c4 e6 3. Nc3 Nf6 4. Nf3 c6 5. Bg5 Nbd7 6. cxd5 exd5 7. Qc2 Be7 8.
e3 O-O 9. Bd3 g6 10. h3 Ne8 11. Bh6 Ng7 12. a3 f5 13. b4 a6 14. Qb3 Rf7 15. a4
Ne8 16. Rb1 b5 17. O-O g5 18. axb5 axb5 19. h4 g4 20. Ng5 Rf6 21. Nxd5 cxd5 22.
Qxd5+ Kh8 23. Qxa8 Nd6 24. Rfc1 Nb6 25. Qa7 Rxh6 26. Rc6 Nd7 27. Rxd6 Bxg5 28.
Rxd7 Bxd7 29. hxg5 Rg6 30. Rc1 Rxg5 31. Rc7 Be8 32. Rxh7+ Kg8 33. Qe7 Qxe7 34.
Rxe7 Kf8 35. Rb7 1-0

[Event "XVI Festival A"]
[Site "Campobasso ITA"]
[Date "2009.07.24"]
[Round "2"]
[White "Chicco, Giancarlo"]
[Black "Cangiano, Federico"]
[Result "0-1"]
[WhiteElo "1493"]
[BlackElo "1965"]
[PlyCount "124"]
[EventDate "2009.07.24"]

1. b3 d5 2. Bb2 c6 3. g3 Bf5 4. d3 e6 5. Bg2 Nf6 6. e3 Nbd7 7. Ne2 Bd6 8. Nd2
Qc7 9. a3 h6 10. b4 O-O 11. O-O h5 12. h4 a5 13. bxa5 Rxa5 14. Nd4 Bg6 15. N4b3
Ra7 16. Ra2 Rfa8 17. Qa1 b5 18. Nb1 e5 19. N3d2 b4 20. e4 Nb6 21. f3 d4 22. Nc4
Nxc4 23. dxc4 Nd7 24. Rd1 f6 25. Bf1 Bf7 26. Nd2 bxa3 27. Bc1 Bb4 28. Qb1 Rb8
29. Nb3 Nb6 30. Bd2 Bxd2 31. Rxd2 Bxc4 32. Bxc4+ Nxc4 33. Re2 Qb6 34. Kh2 Qb4
35. Qc1 Qc3 36. Na1 Qxf3 37. Re1 Ne3 38. Rg1 Ng4+ 39. Kh3 Nf2+ 40. Kh2 Nxe4 41.
c4 Rb2+ 42. Rxb2 axb2 43. Qxb2 Qf2+ 44. Qxf2 Nxf2 45. Nb3 Kf7 46. Nc5 Ke7 47.
Rb1 Kd6 48. Nb7+ Ke7 49. Nc5 Ng4+ 50. Kg1 Ne3 51. Rb4 f5 52. Kf2 Kf6 53. Ke2
Ra2+ 54. Kd3 e4+ 55. Nxe4+ fxe4+ 56. Kxe4 Ra6 57. c5 Ra5 58. Rxd4 Nf5 59. Rc4
Nxg3+ 60. Kf3 Ra3+ 61. Kf2 Ke5 62. Kg2 Ne4 0-1

[Event "XVI Festival A"]
[Site "Campobasso ITA"]
[Date "2009.07.24"]
[Round "2"]
[White "Colucci, Stefano"]
[Black "Cocchia, Umberto"]
[Result "1/2-1/2"]
[WhiteElo "1994"]
[BlackElo "1653"]
[PlyCount "62"]
[EventDate "2009.07.24"]

1. e4 d5 2. exd5 Nf6 3. d4 Nxd5 4. c4 Nb6 5. Nc3 e5 6. Be3 exd4 7. Bxd4 Nc6 8.
Be3 Qxd1+ 9. Rxd1 Be6 10. c5 Nc4 11. Bxc4 Bxc4 12. b3 Be6 13. Nb5 Rc8 14. Bf4
Bxc5 15. Nxc7+ Ke7 16. Nf3 Bb4+ 17. Ke2 Rhd8 18. Nxe6 Kxe6 19. Rxd8 Rxd8 20.
Ng5+ Kf5 21. g3 Nd4+ 22. Kf1 Kg6 23. h4 h5 24. Kg2 f6 25. Nh3 Ne2 26. Be3 b6
27. Rf1 Kf7 28. a3 Bc3 29. f4 Rd3 30. Bf2 Bd4 31. Bxd4 Nxd4 1/2-1/2

[Event "XVI Festival A"]
[Site "Campobasso ITA"]
[Date "2009.07.24"]
[Round "2"]
[White "Fezza, Davide"]
[Black "Lazic, Miroljub"]
[Result "0-1"]
[WhiteElo "2082"]
[BlackElo "2454"]
[PlyCount "108"]
[EventDate "2009.07.24"]

1. e4 e5 2. f4 exf4 3. Nf3 d5 4. exd5 Nf6 5. c4 c6 6. d4 cxd5 7. Bd3 dxc4 8.
Bxc4 Bb4+ 9. Nc3 O-O 10. Ne5 Nc6 11. Nxc6 bxc6 12. O-O f3 13. gxf3 Bf5 14. Bg5
Qd6 15. Qd2 Nd5 16. a3 Bxc3 17. bxc3 Rfe8 18. Bd3 Qg6 19. Bxf5 Qxf5 20. c4 Nb6
21. Rac1 Re6 22. Bf4 Rae8 23. Rf2 Qh3 24. Qd3 Re1+ 25. Rxe1 Rxe1+ 26. Rf1 Rxf1+
27. Qxf1 Qe6 28. c5 Nd5 29. Bd2 Qg6+ 30. Kf2 Qh5 31. Qg1 Qh4+ 32. Ke2 Qe7+ 33.
Kf2 f6 34. Qg4 Qe8 35. Bh6 g6 36. Bd2 Kf7 37. Qe4 Qc8 38. Bf4 Qa6 39. Bc1 Qc4
40. Bd2 h5 41. Ke1 Qb3 42. Bc1 Qc3+ 43. Kd1 f5 44. Qe5 Qxf3+ 45. Ke1 Qe4+ 46.
Qxe4 fxe4 47. h4 Ke6 48. Kf2 Ne7 49. Ke3 Kd5 50. Kf4 Kxd4 51. Kg5 e3 52. Kf6
Nf5 53. Kxg6 Nxh4+ 54. Kxh5 Nf3 0-1

[Event "XVI Festival A"]
[Site "Campobasso ITA"]
[Date "2009.07.24"]
[Round "2"]
[White "Gatti, Francesco"]
[Black "Forlano, Luigi"]
[Result "0-1"]
[WhiteElo "1819"]
[BlackElo "1987"]
[PlyCount "84"]
[EventDate "2009.07.24"]

1. e4 c5 2. Nf3 g6 3. d4 cxd4 4. Nxd4 Nc6 5. Bc4 Bg7 6. Be3 Nf6 7. f3 O-O 8.
Nc3 Qb6 9. Bb3 Nxe4 10. fxe4 Bxd4 11. Bxd4 Qxd4 12. Qe2 Qe5 13. O-O-O Nd4 14.
Qf2 Nxb3+ 15. cxb3 e6 16. g4 a5 17. h4 h6 18. Kb1 b5 19. Rd4 Bb7 20. Re1 b4 21.
Na4 Bc6 22. Nb6 a4 23. Nxa8 axb3 24. Nb6 bxa2+ 25. Ka1 Qc5 26. Nc4 e5 27. Nxe5
Qxe5 28. Rxb4 Re8 29. Qd2 d5 30. Qc3 Qxc3 31. bxc3 dxe4 32. Kxa2 f5 33. gxf5
gxf5 34. Rb6 Re6 35. Rg1+ Kf7 36. Kb2 Kf6 37. Kc1 f4 38. h5 f3 39. Rg6+ Kf5 40.
Kd2 e3+ 41. Ke1 f2+ 42. Ke2 Bf3+ 0-1

[Event "XVI Festival A"]
[Site "Campobasso ITA"]
[Date "2009.07.24"]
[Round "2"]
[White "Grasso, Nino"]
[Black "D'Orta, Antonio"]
[Result "0-1"]
[WhiteElo "1971"]
[BlackElo "1876"]
[PlyCount "82"]
[EventDate "2009.07.24"]

1. e4 Nc6 2. d4 e5 3. Nf3 exd4 4. Bc4 Bb4+ 5. c3 dxc3 6. bxc3 Bd6 7. O-O Qe7 8.
e5 Nxe5 9. Nxe5 Bxe5 10. Re1 Kd8 11. Ba3 Bxh2+ 12. Kf1 Qf6 13. Nd2 Qxc3 14. Re3
Qd4 15. Bxf7 c6 16. Re8+ Kc7 17. Nf3 Qc3 18. Re3 Qf6 19. Bxg8 Bf4 20. Re8 b6
21. Rb1 Ba6+ 22. Kg1 Rxe8 23. Qa4 Kb7 24. Bb3 Bb5 25. Qb4 a5 26. Qd4 Qxd4 27.
Nxd4 Bd3 28. Rf1 Be4 29. Ne2 Bc7 30. Nc3 d5 31. f3 Bg6 32. Rc1 Re3 33. Bxd5
Rxc3 34. Rxc3 cxd5 35. Kf2 d4 36. Rc1 Re8 37. Rd1 d3 38. g3 Re2+ 39. Kf1 Bxg3
40. Bc1 Rxa2 41. Bd2 h5 0-1

[Event "XVI Festival A"]
[Site "Campobasso ITA"]
[Date "2009.07.24"]
[Round "2"]
[White "Gromovs, Sergejs"]
[Black "Parrini, Daniele"]
[Result "1-0"]
[WhiteElo "2339"]
[BlackElo "2036"]
[PlyCount "67"]
[EventDate "2009.07.24"]

1. d4 Nf6 2. Nf3 g6 3. c4 Bg7 4. Nc3 d5 5. cxd5 Nxd5 6. e4 Nxc3 7. bxc3 c5 8.
Rb1 O-O 9. Be2 cxd4 10. cxd4 Qa5+ 11. Qd2 Qxd2+ 12. Bxd2 b6 13. O-O Ba6 14.
Bxa6 Nxa6 15. Bg5 h6 16. Be3 Rac8 17. a4 f5 18. exf5 gxf5 19. a5 bxa5 20. Rb5
Nb4 21. g3 f4 22. gxf4 Nd3 23. f5 e6 24. Nh4 exf5 25. Nxf5 Rxf5 26. Rxf5 a4 27.
Ra5 Rc4 28. Rd1 Nb2 29. Rb1 Rc2 30. Rxa7 Bf8 31. Kh1 Nd3 32. Rg1+ Kh8 33. Rf7
Bb4 34. Rf6 1-0

[Event "XVI Festival A"]
[Site "Campobasso ITA"]
[Date "2009.07.24"]
[Round "2"]
[White "Laudisa, Antonio"]
[Black "Di Lascio, Savino"]
[Result "1-0"]
[WhiteElo "1873"]
[BlackElo "2012"]
[PlyCount "107"]
[EventDate "2009.07.24"]

1. e4 c6 2. d4 d5 3. e5 Bf5 4. Nc3 e6 5. g4 Bg6 6. Nge2 c5 7. Be3 Nc6 8. h4 h6
9. Nf4 Bh7 10. Qd2 Rc8 11. g5 Bf5 12. g6 fxg6 13. Bh3 Nxe5 14. dxe5 d4 15. Nxe6
Bxe6 16. Bxe6 Rc6 17. Bd5 Rb6 18. Bxd4 cxd4 19. Qxd4 Bb4 20. Bf7+ Ke7 21. Qxd8+
Kxd8 22. O-O-O+ Ke7 23. Bb3 Bxc3 24. bxc3 Rc6 25. Rd3 Rc7 26. Rhd1 h5 27. Rd8
g5 28. hxg5 h4 29. Rxg8 Rxg8 30. Bxg8 Rxc3 31. Rd3 Rc8 32. Bd5 b6 33. Rf3 Rc5
34. Rf7+ Ke8 35. Bb3 Rxe5 36. Rxg7 Rf5 37. Rh7 Rxf2 38. Rxh4 Rg2 39. Rh5 Kf8
40. Rh8+ Kg7 41. Rg8+ Kh7 42. g6+ Kh6 43. g7 Rxg7 44. Rxg7 Kxg7 45. Kd2 Kf6 46.
Kc3 Ke5 47. Kb4 a6 48. Bc4 a5+ 49. Kb5 Kd4 50. Bb3 Kc3 51. Kxb6 Kb4 52. c4 a4
53. c5 axb3 54. axb3 1-0

[Event "XVI Festival A"]
[Site "Campobasso ITA"]
[Date "2009.07.24"]
[Round "2"]
[White "Lazarev, Vladimir"]
[Black "Maggi, Fabrizio"]
[Result "1-0"]
[WhiteElo "2462"]
[BlackElo "2074"]
[PlyCount "117"]
[EventDate "2009.07.24"]

1. d4 f5 2. g3 Nf6 3. Bg2 g6 4. Nf3 Bg7 5. b4 d6 6. Bb2 c6 7. c4 Na6 8. a3 Nc7
9. O-O O-O 10. Qc2 Bd7 11. Nbd2 Qe8 12. Rfe1 h6 13. e4 fxe4 14. Nxe4 Qf7 15.
Nxf6+ exf6 16. Nd2 f5 17. d5 Rae8 18. dxc6 Bxc6 19. Bxg7 Qxg7 20. Bxc6 bxc6 21.
Qd3 Qf6 22. Rad1 d5 23. cxd5 Nxd5 24. Nf3 Nc3 25. Qc4+ Kh8 26. Rc1 Rxe1+ 27.
Nxe1 Re8 28. Kg2 Nb5 29. a4 Nd4 30. Rd1 Rd8 31. Qc3 Rd6 32. Nf3 Nxf3 33. Qxf6+
Rxf6 34. Kxf3 Kg7 35. Rd8 Rf7 36. Rc8 Rb7 37. Rxc6 Rxb4 38. Rc7+ Kf6 39. Rxa7
Rb3+ 40. Kg2 Ra3 41. h4 h5 42. a5 f4 43. Ra6+ Kf5 44. gxf4 Kxf4 45. Rf6+ Kg4
46. Rxg6+ Kxh4 47. a6 Ra4 48. Kf3 Kh3 49. Ke3 h4 50. f4 Ra3+ 51. Ke2 Ra2+ 52.
Kd3 Kh2 53. f5 h3 54. Ke4 Kh1 55. Kf3 h2 56. Re6 Rf2+ 57. Kg3 Rf1 58. a7 Ra1
59. a8=Q+ 1-0

[Event "XVI Festival A"]
[Site "Campobasso ITA"]
[Date "2009.07.24"]
[Round "2"]
[White "Lisi, Davide"]
[Black "Di Muccio, Lindoro"]
[Result "1-0"]
[WhiteElo "2023"]
[BlackElo "1935"]
[PlyCount "75"]
[EventDate "2009.07.24"]

1. d4 Nf6 2. c4 e6 3. Nf3 b6 4. e3 Bb7 5. Bd3 c5 6. O-O Be7 7. Nc3 O-O 8. b3
cxd4 9. Nxd4 d6 10. e4 Nbd7 11. Qe2 Rc8 12. Bb2 Nc5 13. Bc2 Qc7 14. Rfe1 Rfd8
15. Rad1 a6 16. Kh1 g6 17. f4 Nh5 18. Qe3 e5 19. fxe5 dxe5 20. Nf3 Nf6 21. Nd5
Bxd5 22. Bxe5 Qd7 23. exd5 Ng4 24. Qe2 f5 25. h3 Nxe5 26. Nxe5 Qd6 27. Nxg6
hxg6 28. Qxe7 Rc7 29. Qg5 b5 30. b4 Ne4 31. Bxe4 fxe4 32. c5 Qf8 33. Qxg6+ Rg7
34. Qe6+ Kh8 35. Rxe4 Qf2 36. Rg4 Rxg4 37. Qxg4 Rg8 38. Qd4+ 1-0

[Event "XVI Festival A"]
[Site "Campobasso ITA"]
[Date "2009.07.24"]
[Round "2"]
[White "Ljubisavljevic, Zivojin Z."]
[Black "Arbore, Federica"]
[Result "1-0"]
[WhiteElo "2287"]
[BlackElo "1239"]
[PlyCount "47"]
[EventDate "2009.07.24"]

1. d4 d5 2. c3 c5 3. dxc5 e5 4. b4 Nc6 5. Nf3 Nf6 6. Bg5 Be7 7. e3 Bf5 8. Bb5
h6 9. Bh4 g5 10. Bg3 Nd7 11. Bxc6 bxc6 12. Nxe5 Nxe5 13. Bxe5 Bf6 14. Bxf6 Qxf6
15. Qd4 Qxd4 16. exd4 O-O-O 17. Kd2 Kb7 18. a4 a5 19. b5 Rb8 20. Na3 Be4 21. f3
Bf5 22. Rhe1 f6 23. Re7+ Kc8 24. Rae1 1-0

[Event "XVI Festival A"]
[Site "Campobasso ITA"]
[Date "2009.07.24"]
[Round "2"]
[White "Lombardi, Mariano"]
[Black "Ficco, Corrado"]
[Result "0-1"]
[WhiteElo "2160"]
[BlackElo "2155"]
[PlyCount "52"]
[EventDate "2009.07.24"]

1. e4 e5 2. Nf3 Nf6 3. Nc3 Nc6 4. g3 d5 5. exd5 Nxd5 6. Bg2 Nxc3 7. bxc3 Be7 8.
d3 O-O 9. O-O f5 10. Qe2 Bf6 11. Rb1 Rb8 12. Rd1 Re8 13. Ng5 Ne7 14. d4 e4 15.
Qh5 Bxg5 16. Bxg5 Be6 17. f3 Bxa2 18. Rb5 Qd7 19. Re5 Ng6 20. Ra5 Bc4 21. fxe4
fxe4 22. d5 Qf7 23. Bh3 e3 24. Be6 Rxe6 25. dxe6 Qf2+ 26. Kh1 Be2 0-1

[Event "XVI Festival A"]
[Site "Campobasso ITA"]
[Date "2009.07.24"]
[Round "2"]
[White "Mazza, Daniele"]
[Black "Borino, Paolo"]
[Result "1-0"]
[WhiteElo "1838"]
[BlackElo "1996"]
[PlyCount "49"]
[EventDate "2009.07.24"]

1. e4 d6 2. d4 Nf6 3. Nc3 c6 4. f4 Qa5 5. Bd3 Bg4 6. Nf3 Nbd7 7. h3 Bxf3 8.
Qxf3 e5 9. fxe5 dxe5 10. d5 Bb4 11. O-O Bxc3 12. bxc3 cxd5 13. Rb1 b6 14. exd5
Qxd5 15. Qg3 Qxa2 16. Bg5 Qd5 17. Rbd1 Qc5+ 18. Kh1 Qxc3 19. Bxf6 gxf6 20. Rxf6
Rc8 21. Rf3 Qd4 22. Be2 Qc5 23. Rfd3 Nf8 24. Rd5 Qxc2 25. Bb5+ 1-0

[Event "XVI Festival A"]
[Site "Campobasso ITA"]
[Date "2009.07.24"]
[Round "2"]
[White "Mazzarella, Antonio"]
[Black "Sannino, Raffaele"]
[Result "1/2-1/2"]
[WhiteElo "2048"]
[BlackElo "2015"]
[PlyCount "80"]
[EventDate "2009.07.24"]

1. Nf3 f5 2. g3 Nf6 3. Bg2 d6 4. d3 e5 5. c4 Be7 6. Nc3 O-O 7. O-O Qe8 8. Qb3
Kh8 9. Nd5 Na6 10. Nxe7 Qxe7 11. Bg5 Nc5 12. Qc2 Ne6 13. Qd2 Qe8 14. Nh4 Qh5
15. Bxf6 Rxf6 16. Bf3 Qf7 17. Bd5 c6 18. Bxe6 Bxe6 19. f4 e4 20. b3 d5 21. dxe4
fxe4 22. cxd5 Bxd5 23. e3 a5 24. Qd4 b5 25. Rf2 Qa7 26. Qc3 b4 27. Qd2 Qb6 28.
Ng2 Rf7 29. Rb1 Rb7 30. Qb2 Qd8 31. Ne1 Qf6 32. Qd2 Rd8 33. Rd1 Rbd7 34. Qc1
Qf8 35. Rc2 Ra7 36. Rd4 Rb8 37. Qd2 Qe7 38. Rc1 a4 39. Nc2 axb3 40. axb3 Rab7
1/2-1/2

[Event "XVI Festival A"]
[Site "Campobasso ITA"]
[Date "2009.07.24"]
[Round "2"]
[White "Mrdja, Milan"]
[Black "Cordi', Domenico"]
[Result "1-0"]
[WhiteElo "2418"]
[BlackElo "2060"]
[PlyCount "71"]
[EventDate "2009.07.24"]

1. e4 c5 2. Nf3 d6 3. d4 cxd4 4. Nxd4 Nf6 5. Nc3 a6 6. Bg5 e6 7. f4 Be7 8. Qf3
Qc7 9. O-O-O Nbd7 10. g4 b5 11. a3 Bb7 12. Bxf6 gxf6 13. f5 e5 14. Nb3 Rc8 15.
Kb1 Nb6 16. Bd3 Na4 17. Nxa4 bxa4 18. Nd2 Qc5 19. c4 Rb8 20. Ka1 Qd4 21. Qe2
Bc6 22. Nb1 Rb3 23. Rhe1 O-O 24. c5 Qxc5 25. Rc1 Qb6 26. Bc4 Bb5 27. Nc3 Bxc4
28. Qxc4 Rb8 29. Nxa4 Qb7 30. Re2 Qb5 31. Rd2 Qxc4 32. Rxc4 Bf8 33. Rc6 Ra8 34.
Nb6 Ra7 35. Nd5 Bg7 36. Rxd6 1-0